00670nam a22001692 4500082002800000110007000028245004800098250000900146260001900155300001000174526003700184526003700221942001200258999001900270952010400289952010700393 a669.3bCDAcL-17 , P-102 aCooper Development Association, London. [from old catalog]94535700aClassification of copper and copper alloys. aRev. aLondon,c1944. a23 p. a0b0c0d669_300000000000000_CDA a0b0c0d669_300000000000000_CDA 2ddccBK c548903d548903 00102ddc4070aMCEbMCEd2014-09-10l1o669.3 CDApMCE-42r2014-09-11s2014-09-11w2014-09-10yBK 00102ddc4070aMCEbMCEd2014-09-10l1o669.3 CDApMCE-40579r2014-09-11s2014-09-11w2014-09-10yBK